[Event "19. Obert Int. Sant Marti 2017"]
[Site "Barcelona ESP"]
[Date "2017.07.17"]
[Round "5.72"]
[White "Frih, Ameur"]
[Black "Brunet Gil, Pol"]
[Result "1-0"]
[WhiteElo "2233"]
[BlackElo "1906"]
[PlyCount "77"]
[EventDate "2017.07.13"]
[EventType "swiss"]
[EventRounds "9"]
[EventCountry "ESP"]
[SourceTitle "Ajedrez en Madrid"]
[Source "lmi"]
[SourceDate "2017.07.13"]
[SourceVersion "1"]
[SourceVersionDate "2019.06.21"]
[SourceQuality "1"]

1. e4 c5 2. Nf3 Nc6 3. Bb5 g6 4. O-O Bg7 5. c3 e5 6. Re1 Nge7 7. d3 O-O 8. Be3
b6 9. d4 exd4 10. cxd4 d6 11. h3 Bb7 12. Nc3 f5 13. dxc5 dxc5 14. Qb3+ Kh8 15.
Rad1 Qc8 16. Ng5 Nd8 17. Bf4 Bc6 18. Bxc6 Nexc6 19. Bd6 Rg8 20. Nb5 h6 21. Nf3
Qb7 22. exf5 gxf5 23. Nc7 Rb8 24. Re8 Rxe8 25. Nxe8 Qf7 26. Qxf7 Nxf7 27. Nxg7
Kxg7 28. Bf4 Rd8 29. Bd2 Nd6 30. Bc3+ Kf7 31. Nh4 Ne7 32. Rd3 c4 33. Rd4 b5 34.
Nf3 Nb7 35. Rh4 Kg6 36. Ne5+ Kg5 37. f4+ Kxh4 38. Be1+ Kh5 39. g4+ 1-0

[Event "19. Obert Int. Sant Marti 2017"]
[Site "Barcelona ESP"]
[Date "2017.07.17"]
[Round "5.73"]
[White "Sama Salinas, Alejandro"]
[Black "Severri Arrese, Carlos"]
[Result "1-0"]
[WhiteElo "2000"]
[BlackElo "1904"]
[PlyCount "69"]
[EventDate "2017.07.13"]
[EventType "swiss"]
[EventRounds "9"]
[EventCountry "ESP"]
[SourceTitle "Ajedrez en Madrid"]
[Source "lmi"]
[SourceDate "2017.07.13"]
[SourceVersion "1"]
[SourceVersionDate "2019.06.21"]
[SourceQuality "1"]

1. e4 c6 2. d4 d5 3. exd5 cxd5 4. Nf3 Nf6 5. Nbd2 e6 6. b3 Bb4 7. Bb2 O-O 8.
Bd3 Nc6 9. O-O Bd6 10. a3 Ng4 11. h3 Nh6 12. c4 Be7 13. Qc2 g6 14. c5 Bd7 15.
b4 Rc8 16. Rae1 Bf6 17. b5 Nb8 18. Qb3 Bg7 19. Rc1 Be8 20. Rfe1 Nf5 21. Nf1 Bh6
22. Rc2 Bg7 23. Ne3 h5 24. Nxf5 gxf5 25. Bc1 Kh8 26. Bf4 Nd7 27. c6 bxc6 28.
bxc6 Nf6 29. c7 Qd7 30. Ba6 Qa4 31. Qxa4 Bxa4 32. Rb2 Ne4 33. Bxc8 Rxc8 34. Rb8
Bd7 35. Reb1 1-0

[Event "19. Obert Int. Sant Marti 2017"]
[Site "Barcelona ESP"]
[Date "2017.07.17"]
[Round "5.74"]
[White "Vazquez Moreno, Josep M"]
[Black "Alcaraz Lopez, Francesc"]
[Result "1/2-1/2"]
[WhiteElo "1991"]
[BlackElo "1811"]
[PlyCount "203"]
[EventDate "2017.07.13"]
[EventType "swiss"]
[EventRounds "9"]
[EventCountry "ESP"]
[SourceTitle "Ajedrez en Madrid"]
[Source "lmi"]
[SourceDate "2017.07.13"]
[SourceVersion "1"]
[SourceVersionDate "2019.06.21"]
[SourceQuality "1"]

1. Nf3 c5 2. e4 Nc6 3. Bb5 g6 4. O-O Bg7 5. c3 a6 6. Bxc6 dxc6 7. h3 Nf6 8. Re1
O-O 9. d4 cxd4 10. cxd4 Qa5 11. Nc3 Qh5 12. Ne5 Rd8 13. Qxh5 Nxh5 14. g4 Rxd4
15. Nf3 Rd3 16. Be3 Nf6 17. Ne5 Rd8 18. Bb6 Re8 19. Rad1 Be6 20. f4 h6 21. f5
gxf5 22. gxf5 Bc8 23. Nc4 Nd7 24. e5 Bxe5 25. f6 Bxc3 26. Rxe7 Rf8 27. bxc3
Nxf6 28. Kh2 Be6 29. Rg1+ Kh7 30. Nd6 Nh5 31. Bd4 b5 32. a3 Rad8 33. Nxf7 Bxf7
34. Rf1 Rxd4 35. cxd4 Kg6 36. Rc7 Nf6 37. Rxc6 Bc4 38. Rf2 a5 39. a4 Bd3 40.
axb5 Bxb5 41. Rb6 Bc4 42. Rc6 Bb3 43. Kg1 a4 44. Rg2+ Kh7 45. Rc7+ Rf7 46. Rc6
Rg7 47. Rxg7+ Kxg7 48. Rc7+ Kg6 49. Ra7 h5 50. Kf2 Kg5 51. Ke3 Kh4 52. Kf4 Nd5+
53. Kf3 Kxh3 54. Ra5 Kh4 55. Ra7 Kg5 56. Rg7+ Kf6 57. Ra7 Bd1+ 58. Kg3 Kf5 59.
Kh4 Ke4 60. Rxa4 Bxa4 61. Kxh5 Kxd4 62. Kg5 Ke5 63. Kg6 Ne7+ 64. Kf7 Nd5 65.
Kg6 Be8+ 66. Kg5 Bf7 67. Kg4 Bg6 68. Kg5 Bf5 69. Kh6 Kf6 70. Kh5 Nc3 71. Kh6
Ne4 72. Kh5 Kg7 73. Kh4 Kf6 74. Kh5 Ke5 75. Kh6 Ng3 76. Kg5 Ne4+ 77. Kh5 Nf6+
78. Kh4 Ng4 79. Kh5 Kf4 80. Kh4 Bg6 81. Kh3 Ne5 82. Kg2 Bd3 83. Kf2 Ng4+ 84.
Ke1 Ke3 85. Kd1 Nf2+ 86. Kc1 Be4 87. Kb2 Kd3 88. Kb3 Kd4 89. Kb4 Nd3+ 90. Kb3
Nf4 91. Kb4 Bc2 92. Ka3 Kc3 93. Ka2 Nd3 94. Ka1 Nc5 95. Ka2 Be4 96. Ka1 Nb3+
97. Ka2 Na5 98. Ka1 Nc6 99. Ka2 Nd4 100. Ka1 Nb3+ 101. Ka2 Bc2 102. Ka3 1/2-1/2

[Event "19. Obert Int. Sant Marti 2017"]
[Site "Barcelona ESP"]
[Date "2017.07.17"]
[Round "5.75"]
[White "Colome Rovira, Oscar"]
[Black "Monedero Gonzalez, Josep"]
[Result "0-1"]
[WhiteElo "1865"]
[BlackElo "1957"]
[PlyCount "134"]
[EventDate "2017.07.13"]
[EventType "swiss"]
[EventRounds "9"]
[EventCountry "ESP"]
[SourceTitle "Ajedrez en Madrid"]
[Source "lmi"]
[SourceDate "2017.07.13"]
[SourceVersion "1"]
[SourceVersionDate "2019.06.21"]
[SourceQuality "1"]

1. e4 e6 2. d4 d5 3. Nd2 Nf6 4. e5 Nfd7 5. f4 c5 6. c3 Nc6 7. Ngf3 g6 8. Bb5
Bg7 9. Bxc6 bxc6 10. O-O O-O 11. b3 Qa5 12. Bb2 Ba6 13. Re1 Rfc8 14. Ng5 cxd4
15. cxd4 c5 16. f5 exf5 17. Nxf7 cxd4 18. Bxd4 Nc5 19. Nd6 Rd8 20. N2c4 dxc4
21. Bc3 Qc7 22. Qd5+ Kf8 23. Bb4 Rac8 24. Kh1 Rd7 25. Rad1 Qc6 26. e6 Qxd5 27.
Rxd5 Rxd6 28. Rxd6 Ke8 29. Bxc5 Rxc5 30. Rxa6 c3 31. Ra4 Bh6 32. Rxa7 c2 33. e7
Rc8 34. h4 c1=Q 35. Rxc1 Rxc1+ 36. Kh2 Bf4+ 37. g3 Bd6 38. Ra8+ Kxe7 39. Ra7+
Bc7 40. b4 Rc3 41. b5 Kd8 42. a4 Bxg3+ 43. Kg2 Bc7 44. Ra8+ Kd7 45. a5 Ra3 46.
Ra7 Kc8 47. a6 Ra5 48. Rb7 h6 49. b6 Bb8 50. Rg7 Rxa6 51. Rxg6 Kb7 52. Rxh6 Ra4
53. h5 Rg4+ 54. Kf3 Rg3+ 55. Ke2 Rh3 56. Rh8 Bg3 57. Rh6 Bf4 58. Rh7+ Kxb6 59.
h6 Bxh6 60. Rf7 f4 61. Rf5 Kc6 62. Kf2 Kd7 63. Kg2 Rg3+ 64. Kf2 Ke6 65. Ra5 Bg5
66. Rb5 Kf6 67. Rb6+ Kf5 0-1

[Event "19. Obert Int. Sant Marti 2017"]
[Site "Barcelona ESP"]
[Date "2017.07.17"]
[Round "5.76"]
[White "Catala Ulied, Bernat"]
[Black "Repiso Alvarez, Jorge"]
[Result "1/2-1/2"]
[WhiteElo "1761"]
[BlackElo "1954"]
[PlyCount "24"]
[EventDate "2017.07.13"]
[EventType "swiss"]
[EventRounds "9"]
[EventCountry "ESP"]
[SourceTitle "Ajedrez en Madrid"]
[Source "lmi"]
[SourceDate "2017.07.13"]
[SourceVersion "1"]
[SourceVersionDate "2019.06.21"]
[SourceQuality "1"]

1. d4 Nf6 2. Nf3 g6 3. g3 Bg7 4. Bg2 O-O 5. O-O d5 6. c4 c6 7. Nc3 Nbd7 8. b3
Nb6 9. Nd2 dxc4 10. Nxc4 Nxc4 11. bxc4 Be6 12. c5 Nd5 1/2-1/2

[Event "19. Obert Int. Sant Marti 2017"]
[Site "Barcelona ESP"]
[Date "2017.07.17"]
[Round "5.77"]
[White "Prats Gaudo, Oscar"]
[Black "Al, Ansi Amin"]
[Result "1-0"]
[WhiteElo "2015"]
[BlackElo "1948"]
[PlyCount "203"]
[EventDate "2017.07.13"]
[EventType "swiss"]
[EventRounds "9"]
[EventCountry "ESP"]
[SourceTitle "Ajedrez en Madrid"]
[Source "lmi"]
[SourceDate "2017.07.13"]
[SourceVersion "1"]
[SourceVersionDate "2019.06.21"]
[SourceQuality "1"]

1. d4 Nf6 2. Bf4 d5 3. e3 c5 4. c3 Nc6 5. Bd3 Qb6 6. Qb3 c4 7. Qxb6 axb6 8. Bc2
e6 9. Nf3 b5 10. Nbd2 b4 11. O-O Be7 12. h3 O-O 13. Ne5 bxc3 14. bxc3 Ra3 15.
Nxc6 bxc6 16. Nb1 Ra8 17. a4 c5 18. Nd2 cxd4 19. exd4 Bd8 20. Rfb1 Ba5 21. Ra3
Ra7 22. Bd6 Re8 23. Bb4 Bc7 24. Nf3 Nd7 25. a5 Nb8 26. Bc5 Ra8 27. Bb6 Bd6 28.
Ra2 Bd7 29. Ne5 Bxe5 30. dxe5 Na6 31. Rab2 Reb8 32. Bd4 Rxb2 33. Rxb2 Rb8 34.
Rxb8+ Nxb8 35. f4 Bb5 36. Kf2 g6 37. Ke3 Nc6 38. Bb6 h5 39. g4 hxg4 40. hxg4
Kf8 41. Kf3 Ke7 42. Kg3 Ke8 43. Kh4 d4 44. Bxd4 Nxa5 45. Kg5 Bc6 46. Kf6 Nb3
47. Be3 Bf3 48. f5 gxf5 49. gxf5 Bd5 50. Bd1 exf5 51. Kxf5 Be6+ 52. Kf6 Na5 53.
Ba4+ Kf8 54. Bh6+ Kg8 55. Ke7 Kh7 56. Be3 Kg6 57. Kd6 Kf5 58. Bc2+ Kg4 59. Ke7
Kh5 60. Be4 Kg4 61. Kf6 Nb3 62. Bg6 Kf3 63. Bxf7 Bxf7 64. Kxf7 Kxe3 65. e6 Nc5
66. e7 Kd3 67. e8=Q Kxc3 68. Qe5+ Kb4 69. Qd4 Nd3 70. Ke6 Kb3 71. Qb6+ Kc2 72.
Kd5 Nb2 73. Kd4 c3 74. Qa5 Nd1 75. Qa2+ Nb2 76. Qa1 Kb3 77. Qe1 Na4 78. Qc1 c2
79. Ke3 Nb2 80. Kd2 Nc4+ 81. Kd3 Nb2+ 82. Kd4 Nc4 83. Qa1 Nb2 84. Ke3 Nd1+ 85.
Kd2 Nb2 86. Qh1 Nc4+ 87. Kc1 Na3 88. Qa8 Kb4 89. Qb7+ Kc4 90. Qa6+ Kb4 91. Qd3
Ka4 92. Qc3 Nb5 93. Qxc2+ Kb4 94. Kb2 Ka5 95. Qf5 Kb4 96. Qe4+ Kc5 97. Qe5+ Kb4
98. Qd5 Ka4 99. Qc5 Ka5 100. Kb3 Ka6 101. Kb4 Na7 102. Qc7 1-0

[Event "19. Obert Int. Sant Marti 2017"]
[Site "Barcelona ESP"]
[Date "2017.07.17"]
[Round "5.78"]
[White "De Urquiza, Sebastian"]
[Black "Valarezzo Ricard, Pedro"]
[Result "1-0"]
[WhiteElo "1902"]
[BlackElo "1954"]
[PlyCount "39"]
[EventDate "2017.07.13"]
[EventType "swiss"]
[EventRounds "9"]
[EventCountry "ESP"]
[SourceTitle "Ajedrez en Madrid"]
[Source "lmi"]
[SourceDate "2017.07.13"]
[SourceVersion "1"]
[SourceVersionDate "2019.06.21"]
[SourceQuality "1"]

1. e4 d5 2. exd5 Qxd5 3. Nc3 Qd6 4. d4 Nf6 5. Bc4 Qc6 6. Bb5 Bg4 7. f3 Bf5 8.
Bf4 e6 9. Bxc7 Bb4 10. Bxc6+ Nxc6 11. Nge2 Rc8 12. Bf4 O-O 13. h4 Nd5 14. g4
Nxf4 15. Nxf4 e5 16. gxf5 exd4 17. a3 Rfe8+ 18. Nfe2 Rcd8 19. axb4 dxc3 20.
Qxd8 1-0

[Event "19. Obert Int. Sant Marti 2017"]
[Site "Barcelona ESP"]
[Date "2017.07.18"]
[Round "6.1"]
[White "Henriquez Villagra, Cristobal"]
[Black "Fernandez, Fernando"]
[Result "0-1"]
[WhiteElo "2532"]
[BlackElo "2424"]
[PlyCount "58"]
[EventDate "2017.07.13"]
[EventType "swiss"]
[EventRounds "9"]
[EventCountry "ESP"]
[SourceTitle "Ajedrez en Madrid"]
[Source "lmi"]
[SourceDate "2017.07.13"]
[SourceVersion "1"]
[SourceVersionDate "2019.06.21"]
[SourceQuality "1"]

1. e4 c5 2. Nf3 d6 3. d4 cxd4 4. Qxd4 Nc6 5. Bb5 Bd7 6. Bxc6 Bxc6 7. Nc3 Nf6 8.
Bg5 e6 9. O-O-O Be7 10. Rhe1 O-O 11. Qd2 Qc7 12. Nd4 Rfd8 13. f3 Rab8 14. g4 b5
15. Kb1 b4 16. Nce2 Ba8 17. Ng3 a5 18. Rg1 a4 19. h4 Kh8 20. h5 h6 21. Be3 Nh7
22. f4 Nf6 23. g5 Nxe4 24. Nxe4 Bxe4 25. gxh6 b3 26. Ka1 bxc2 27. Rc1 Bf6 28.
hxg7+ Kg8 29. f5 Rxb2 0-1

[Event "19. Obert Int. Sant Marti 2017"]
[Site "Barcelona ESP"]
[Date "2017.07.18"]
[Round "6.2"]
[White "Quirhuayo Chumbe, German Gonzalo"]
[Black "Grigoryan, Karen H."]
[Result "0-1"]
[WhiteElo "2376"]
[BlackElo "2555"]
[PlyCount "120"]
[EventDate "2017.07.13"]
[EventType "swiss"]
[EventRounds "9"]
[EventCountry "ESP"]
[SourceTitle "Ajedrez en Madrid"]
[Source "lmi"]
[SourceDate "2017.07.13"]
[SourceVersion "1"]
[SourceVersionDate "2019.06.21"]
[SourceQuality "1"]

1. e4 c5 2. Nf3 d6 3. d4 cxd4 4. Nxd4 Nf6 5. Nc3 a6 6. Bg5 Nbd7 7. Qe2 h6 8.
Bh4 g6 9. O-O-O Bg7 10. f4 e5 11. Nf3 Qc7 12. fxe5 dxe5 13. Qc4 Qa5 14. Be1 Qc5
15. Bg3 O-O 16. Nxe5 b5 17. Qxc5 Nxc5 18. Bd3 Bb7 19. Rhe1 Rac8 20. Nd5 Nxd5
21. exd5 Bxd5 22. Bf5 Rcd8 23. Bh4 g5 24. Bf2 Na4 25. Bd4 Bxg2 26. b3 Rxd4 27.
Rxd4 Nc3 28. Rd2 Re8 29. Rxg2 Bxe5 30. Rf1 Nxa2+ 31. Kd2 Kf8 32. Ke3 Bxh2+ 33.
Kf3 Bf4 34. Re2 Rd8 35. Ra1 Nc3 36. Rf2 Ra8 37. Rff1 a5 38. Bd3 a4 39. bxa4
Rxa4 40. Rh1 Kg7 41. Rae1 Bd6 42. Re8 Rf4+ 43. Kg2 b4 44. Rd8 Rf6 45. Rf1 Bf4
46. Rd4 h5 47. Kh1 Rb6 48. Bc4 f5 49. Bd3 Kg6 50. Re1 h4 51. Rd8 Rf6 52. Re7
Kh5 53. Rh8+ Kg4 54. Kg2 Bd6 55. Rg7 f4 56. Rhg8 f3+ 57. Kf1 Bf4 58. Rg6 Rxg6
59. Rxg6 Kg3 60. Rb6 Nd5 0-1

[Event "19. Obert Int. Sant Marti 2017"]
[Site "Barcelona ESP"]
[Date "2017.07.18"]
[Round "6.3"]
[White "Zubritskiy, Artyom"]
[Black "Peralta, Fernando"]
[Result "1/2-1/2"]
[WhiteElo "2442"]
[BlackElo "2564"]
[PlyCount "36"]
[EventDate "2017.07.13"]
[EventType "swiss"]
[EventRounds "9"]
[EventCountry "ESP"]
[SourceTitle "Ajedrez en Madrid"]
[Source "lmi"]
[SourceDate "2017.07.13"]
[SourceVersion "1"]
[SourceVersionDate "2019.06.21"]
[SourceQuality "1"]

1. d4 e6 2. Nf3 f5 3. d5 Bb4+ 4. c3 Bd6 5. dxe6 dxe6 6. e4 fxe4 7. Ng5 Nf6 8.
Nxe4 Nxe4 9. Qa4+ Nd7 10. Qxe4 O-O 11. Bd3 Nf6 12. Qe2 Nd5 13. g3 e5 14. Nd2
Be6 15. Ne4 Qd7 16. Ng5 Bf5 17. O-O Nf6 18. Ne4 Qc6 1/2-1/2

[Event "19. Obert Int. Sant Marti 2017"]
[Site "Barcelona ESP"]
[Date "2017.07.18"]
[Round "6.4"]
[White "Narciso Dublan, Marc"]
[Black "Arvola, Benjamin"]
[Result "0-1"]
[WhiteElo "2516"]
[BlackElo "2469"]
[PlyCount "114"]
[EventDate "2017.07.13"]
[EventType "swiss"]
[EventRounds "9"]
[EventCountry "ESP"]
[SourceTitle "Ajedrez en Madrid"]
[Source "lmi"]
[SourceDate "2017.07.13"]
[SourceVersion "1"]
[SourceVersionDate "2019.06.21"]
[SourceQuality "1"]

1. d4 Nf6 2. c4 g6 3. Nc3 d5 4. Nf3 Bg7 5. cxd5 Nxd5 6. Na4 Bf5 7. Bd2 O-O 8.
e3 Nc6 9. Bb5 Ncb4 10. Bxb4 Nxb4 11. O-O c6 12. Be2 Qa5 13. Nc5 b6 14. Nb3 Qa4
15. Qd2 c5 16. Bd1 Qd7 17. a3 Nc6 18. Re1 Be6 19. h3 Rfd8 20. Rc1 cxd4 21.
Nbxd4 Nxd4 22. exd4 Bxd4 23. Nxd4 Qxd4 24. Qxd4 Rxd4 25. Rc7 Rad8 26. Bg4 Bxg4
27. hxg4 e6 28. Rxa7 Rxg4 29. Rb7 Rd6 30. g3 Rg5 31. Re2 h5 32. Kh2 Kg7 33. Rc2
Rf5 34. b4 b5 35. Kg2 Rdd5 36. Rbc7 Kf6 37. Ra7 Rd3 38. Ra5 Rb3 39. Re2 g5 40.
Re3 Rxe3 41. fxe3 g4 42. e4 Rf3 43. Rxb5 Rxa3 44. Rxh5 Re3 45. Kf2 Rxe4 46. Rb5
Rc4 47. Rb7 e5 48. b5 Rc2+ 49. Kf1 Rb2 50. b6 Ke6 51. Kg1 f5 52. Rh7 Kd5 53. b7
Ke4 54. Re7 Kf3 55. Rxe5 Rb1+ 56. Kh2 f4 57. Rf5 Rb2+ 0-1

[Event "19. Obert Int. Sant Marti 2017"]
[Site "Barcelona ESP"]
[Date "2017.07.18"]
[Round "6.5"]
[White "Asis Gargatagli, Hipolito"]
[Black "Salinas Herrera, Pablo"]
[Result "1/2-1/2"]
[WhiteElo "2505"]
[BlackElo "2438"]
[PlyCount "58"]
[EventDate "2017.07.13"]
[EventType "swiss"]
[EventRounds "9"]
[EventCountry "ESP"]
[SourceTitle "Ajedrez en Madrid"]
[Source "lmi"]
[SourceDate "2017.07.13"]
[SourceVersion "1"]
[SourceVersionDate "2019.06.21"]
[SourceQuality "1"]

1. e4 c5 2. Nf3 d6 3. d4 cxd4 4. Nxd4 Nf6 5. Nc3 a6 6. f3 e6 7. g4 h6 8. Be3 b5
9. a3 Qc7 10. Qd2 Nbd7 11. O-O-O Ne5 12. Kb1 Bd7 13. h4 Qb7 14. Qe1 Rc8 15. Bc1
g6 16. Rg1 Bg7 17. f4 Nc6 18. e5 dxe5 19. fxe5 Nd5 20. Ne4 O-O 21. g5 Nxd4 22.
Rxd4 Qc7 23. Rd2 Qxe5 24. Re2 Qd4 25. Rg4 h5 26. Nf6+ Bxf6 27. Rxd4 Bxd4 28.
Bg2 Bg7 29. Bd2 Rc4 1/2-1/2

[Event "19. Obert Int. Sant Marti 2017"]
[Site "Barcelona ESP"]
[Date "2017.07.18"]
[Round "6.6"]
[White "Perez Mitjans, Orelvis"]
[Black "Burmakin, Vladimir"]
[Result "0-1"]
[WhiteElo "2407"]
[BlackElo "2505"]
[PlyCount "96"]
[EventDate "2017.07.13"]
[EventType "swiss"]
[EventRounds "9"]
[EventCountry "ESP"]
[SourceTitle "Ajedrez en Madrid"]
[Source "lmi"]
[SourceDate "2017.07.13"]
[SourceVersion "1"]
[SourceVersionDate "2019.06.21"]
[SourceQuality "1"]

1. e4 c6 2. d4 d5 3. e5 Bf5 4. Nd2 e6 5. g4 Bg6 6. Ne2 c5 7. h4 h5 8. Nf4 Bh7
9. g5 Bf5 10. dxc5 Nc6 11. Nb3 Qc7 12. Be3 Qxe5 13. Bb5 a6 14. Bxc6+ bxc6 15.
O-O Ne7 16. Nd4 Qc7 17. Re1 Be4 18. f3 Bh7 19. c4 dxc4 20. Qa4 e5 21. g6 exd4
22. gxf7+ Kxf7 23. Qxc4+ Ke8 24. Bd2 Bg8 25. Qa4 Rh6 26. Re2 d3 27. Re3 Rf6 28.
Nxh5 Rg6+ 29. Kh1 Qd7 30. Nf4 Rh6 31. h5 Bd5 32. Kg1 Qf5 33. Rae1 Qg5+ 34. Kf1
Rxh5 35. Nxh5 Qxh5 36. Qf4 Rd8 37. Kf2 Qf7 38. Qc7 Qf6 39. Ba5 Qh4+ 40. Kg1 Ra8
41. Qb7 Kf7 42. Qxa8 Qg3+ 43. Kf1 Bxf3 44. Rxe7+ Bxe7 45. Rxe7+ Kxe7 46. Qd8+
Kf7 47. Qxd3 Bg2+ 48. Ke2 Bf1+ 0-1

[Event "19. Obert Int. Sant Marti 2017"]
[Site "Barcelona ESP"]
[Date "2017.07.18"]
[Round "6.7"]
[White "Cuartas, Jaime Alexander"]
[Black "Priebe, Jan"]
[Result "1-0"]
[WhiteElo "2501"]
[BlackElo "2272"]
[PlyCount "59"]
[EventDate "2017.07.13"]
[EventType "swiss"]
[EventRounds "9"]
[EventCountry "ESP"]
[SourceTitle "Ajedrez en Madrid"]
[Source "lmi"]
[SourceDate "2017.07.13"]
[SourceVersion "1"]
[SourceVersionDate "2019.06.21"]
[SourceQuality "1"]

1. e4 c5 2. Nf3 Nc6 3. d4 cxd4 4. c3 d5 5. exd5 Qxd5 6. cxd4 e5 7. Nc3 Bb4 8.
Bd2 Bxc3 9. Bxc3 exd4 10. Nxd4 Nxd4 11. Qxd4 Qxd4 12. Bxd4 Nf6 13. O-O-O a6 14.
Be2 Bf5 15. Bf3 O-O-O 16. Rhe1 Rhe8 17. Bxf6 gxf6 18. Rxe8 Rxe8 19. Rd4 Re5 20.
Kd2 Kc7 21. b4 a5 22. a3 Be6 23. Rf4 axb4 24. axb4 Rf5 25. Rd4 Re5 26. Rh4 Bd5
27. Rxh7 Kb6 28. Bxd5 Rxd5+ 29. Ke3 Rd7 30. Rh5 1-0

[Event "19. Obert Int. Sant Marti 2017"]
[Site "Barcelona ESP"]
[Date "2017.07.18"]
[Round "6.8"]
[White "Arjun, Kalyan"]
[Black "Rios, Cristhian Camilo"]
[Result "0-1"]
[WhiteElo "2347"]
[BlackElo "2477"]
[PlyCount "70"]
[EventDate "2017.07.13"]
[EventType "swiss"]
[EventRounds "9"]
[EventCountry "ESP"]
[SourceTitle "Ajedrez en Madrid"]
[Source "lmi"]
[SourceDate "2017.07.13"]
[SourceVersion "1"]
[SourceVersionDate "2019.06.21"]
[SourceQuality "1"]

1. e4 c5 2. Nf3 e6 3. d4 cxd4 4. Nxd4 a6 5. Bd3 Nf6 6. Qe2 d6 7. O-O Qc7 8. c4
g6 9. Nc3 Bg7 10. Rd1 O-O 11. Nf3 Nc6 12. Bf4 e5 13. Be3 Bg4 14. Bc2 Na5 15.
Bb3 Rac8 16. Rac1 Qb8 17. h3 Be6 18. Nd2 Nxb3 19. axb3 h6 20. Nd5 Nxd5 21. cxd5
Bd7 22. Nc4 f5 23. f3 Bb5 24. Qd2 Kh7 25. Qb4 Rf6 26. Na3 Rxc1 27. Rxc1 Bd3 28.
exf5 gxf5 29. Nc4 Rg6 30. Qb6 f4 31. Bd2 Qg8 32. Qxb7 e4 33. Bxf4 exf3 34. g3
Bxc4 35. bxc4 Qe8 0-1

[Event "19. Obert Int. Sant Marti 2017"]
[Site "Barcelona ESP"]
[Date "2017.07.18"]
[Round "6.9"]
[White "Arizmendi Martinez, Julen Luis"]
[Black "Smirnov, Artem"]
[Result "1-0"]
[WhiteElo "2511"]
[BlackElo "2401"]
[PlyCount "53"]
[EventDate "2017.07.13"]
[EventType "swiss"]
[EventRounds "9"]
[EventCountry "ESP"]
[SourceTitle "Ajedrez en Madrid"]
[Source "lmi"]
[SourceDate "2017.07.13"]
[SourceVersion "1"]
[SourceVersionDate "2019.06.21"]
[SourceQuality "1"]

1. e4 c5 2. Nf3 d6 3. d4 cxd4 4. Nxd4 Nf6 5. Nc3 Nc6 6. Bg5 e6 7. Qd2 a6 8.
O-O-O Bd7 9. f4 b5 10. Bxf6 gxf6 11. Kb1 Qb6 12. Nxc6 Bxc6 13. Qe1 Be7 14. Bd3
a5 15. f5 b4 16. Ne2 Qc5 17. fxe6 fxe6 18. Nf4 Qe5 19. Rf1 a4 20. Bc4 Bxe4 21.
Nxe6 a3 22. Rd4 f5 23. Qxb4 d5 24. Qb5+ Kf7 25. Rxe4 Qxe4 26. Ng5+ Bxg5 27.
Bxd5+ 1-0

[Event "19. Obert Int. Sant Marti 2017"]
[Site "Barcelona ESP"]
[Date "2017.07.18"]
[Round "6.10"]
[White "Dhulipalla, Bala Chandra Prasad"]
[Black "Himanshu, Sharma"]
[Result "0-1"]
[WhiteElo "2335"]
[BlackElo "2498"]
[PlyCount "56"]
[EventDate "2017.07.13"]
[EventType "swiss"]
[EventRounds "9"]
[EventCountry "ESP"]
[SourceTitle "Ajedrez en Madrid"]
[Source "lmi"]
[SourceDate "2017.07.13"]
[SourceVersion "1"]
[SourceVersionDate "2019.06.21"]
[SourceQuality "1"]

1. d4 Nf6 2. Bf4 c5 3. dxc5 Na6 4. Nc3 Nxc5 5. f3 Ne6 6. Bg3 g6 7. Qd2 h5 8.
Bf2 Bh6 9. Be3 Bxe3 10. Qxe3 d5 11. Qd2 d4 12. Nd1 Qb6 13. e4 dxe3 14. Qxe3 Nd4
15. Bd3 Bf5 16. c3 Bxd3 17. Qxd3 Nf5 18. Nh3 Rd8 19. Qc2 Rd5 20. Qa4+ Kf8 21.
Qf4 Qe6+ 22. Kf1 Kg7 23. Nhf2 Qa6+ 24. Kg1 Qe2 25. h4 e5 26. Qa4 Ng3 27. Rh3
Qe1+ 28. Kh2 Ne2 0-1

[Event "19. Obert Int. Sant Marti 2017"]
[Site "Barcelona ESP"]
[Date "2017.07.18"]
[Round "6.11"]
[White "Oliva Castaneda, Kevel"]
[Black "Neffe, Axel"]
[Result "1-0"]
[WhiteElo "2497"]
[BlackElo "2257"]
[PlyCount "63"]
[EventDate "2017.07.13"]
[EventType "swiss"]
[EventRounds "9"]
[EventCountry "ESP"]
[SourceTitle "Ajedrez en Madrid"]
[Source "lmi"]
[SourceDate "2017.07.13"]
[SourceVersion "1"]
[SourceVersionDate "2019.06.21"]
[SourceQuality "1"]

1. d4 Nf6 2. c4 c5 3. d5 e6 4. Nc3 exd5 5. cxd5 d6 6. g3 g6 7. Bg2 Bg7 8. Nf3
O-O 9. O-O a6 10. a4 Nbd7 11. Bf4 Qe7 12. Qd2 Re8 13. Rab1 Ng4 14. b4 cxb4 15.
Rxb4 Nc5 16. h3 Ne5 17. Nxe5 Bxe5 18. Bxe5 Qxe5 19. Ne4 b6 20. Nxc5 bxc5 21.
Re4 Qxe4 22. Bxe4 Rxe4 23. g4 f6 24. Qb2 Kf7 25. Qb6 Bd7 26. Qxd6 Bxa4 27. Qxc5
Rd8 28. f3 Rxe2 29. Qa5 Rc8 30. Qxa4 Rcc2 31. Qd7+ Kg8 32. Qd6 1-0

[Event "19. Obert Int. Sant Marti 2017"]
[Site "Barcelona ESP"]
[Date "2017.07.18"]
[Round "6.12"]
[White "Akash Pc, Iyer"]
[Black "Oblitas, Carlomagno"]
[Result "0-1"]
[WhiteElo "2300"]
[BlackElo "2395"]
[PlyCount "52"]
[EventDate "2017.07.13"]
[EventType "swiss"]
[EventRounds "9"]
[EventCountry "ESP"]
[SourceTitle "Ajedrez en Madrid"]
[Source "lmi"]
[SourceDate "2017.07.13"]
[SourceVersion "1"]
[SourceVersionDate "2019.06.21"]
[SourceQuality "1"]

1. d4 Nf6 2. c4 g6 3. f3 c6 4. e4 d5 5. e5 Nfd7 6. Nc3 dxc4 7. Bxc4 Nb6 8. Bb3
Na6 9. Nge2 Bg7 10. Be3 Nc7 11. Qd2 Be6 12. Bh6 Bxh6 13. Qxh6 Bxb3 14. axb3 Ne6
15. O-O Nxd4 16. Qg7 Rf8 17. Rfd1 Nxe2+ 18. Nxe2 Nd5 19. e6 Qb6+ 20. Kh1 Qf2
21. exf7+ Rxf7 22. Qe5 Ne3 23. Rg1 Rxf3 24. Nd4 Ng4 25. Qe6 Qh4 26. Qg8+ Rf8
0-1

[Event "19. Obert Int. Sant Marti 2017"]
[Site "Barcelona ESP"]
[Date "2017.07.18"]
[Round "6.13"]
[White "Kulkarni, Rakesh"]
[Black "Iniyan, P."]
[Result "1/2-1/2"]
[WhiteElo "2288"]
[BlackElo "2380"]
[PlyCount "75"]
[EventDate "2017.07.13"]
[EventType "swiss"]
[EventRounds "9"]
[EventCountry "ESP"]
[SourceTitle "Ajedrez en Madrid"]
[Source "lmi"]
[SourceDate "2017.07.13"]
[SourceVersion "1"]
[SourceVersionDate "2019.06.21"]
[SourceQuality "1"]

1. e4 c5 2. c3 d6 3. d4 Qc7 4. Nf3 g6 5. Bd3 Bg7 6. h3 Nf6 7. e5 Nfd7 8. exd6
Qxd6 9. O-O O-O 10. Na3 cxd4 11. Nb5 Qb6 12. cxd4 a6 13. Na3 Nc6 14. Nc4 Qc7
15. d5 Nb4 16. Be2 Nf6 17. d6 exd6 18. Bf4 Rd8 19. Bxd6 Qc6 20. Nfe5 Qe8 21.
Bf3 Be6 22. Bxb7 Ra7 23. Bf3 Ne4 24. Bxe4 Bxc4 25. Nxc4 Qxe4 26. Qb3 Nc2 27.
Rad1 Rad7 28. Kh1 Nd4 29. Qb4 Nf5 30. Rde1 Qc6 31. Be5 Bf8 32. Na5 Qxg2+ 33.
Kxg2 Bxb4 34. Nc6 Bxe1 35. Nxd8 Bxf2 36. Kxf2 Rd2+ 37. Kf3 Rxd8 38. Re1 1/2-1/2